| 000 | 00582nam a22001937a 4500 | ||
|---|---|---|---|
| 999 |
_c20055 _d20055 |
||
| 003 | AR-CdUCM | ||
| 008 | 190525b ||||| |||| 00| 0 spa d | ||
| 040 |
_aMUNICIPALIDAD PROVINCIAL DEL CUSCO _cBIBLIOTECA MUNICIPAL DEL CUSCO |
||
| 082 |
_a365.983 / _bT68 |
||
| 100 |
_aToledo Rodriguez, Guillermo _941962 |
||
| 245 | _aEl problema sexual de los penados / | ||
| 260 |
_aChile : _bCultura, _c1933. |
||
| 300 |
_a139 páginas ; _c22 cm. |
||
| 505 | _aContenido: Penados. | ||
| 650 |
_aChile _91150 |
||
| 650 |
_aPenados _941963 |
||
| 942 |
_2ddc _cLIBROS |
||
| 945 |
_adavv _d2019-05-25 |
||